000 00382nam a2200157Ia 4500
003 Ost
005 20260225132553.0
008 260225s9999||||xx |||||||||||||| ||und||
040 _cfsic
041 _afre
082 _a440
100 _aAbou -Kassem Saadallah
_eAuteur
245 0 _aLa montée du nationalisme en Algérie /
245 0 _cAbou -Kassem Saadallah
942 _cكتاب
999 _c34295
_d34295